00862nam a22002057a 450000500170000000800410001705000200005810000350007824501560011325000230026926000350029230000340032749000260036150000760038750500650046365000350052870000330056370000300059670000300062620171030103045.0171030b1946 ag ||||| |||| 00| 0 eng d04aKK997bT84 19461 aTuhr, Andreas Von, 1864 - 192510aDerecho civil :bteoría general del derecho civil Alemán /cAndreas Von Tuhr ; prólogo Tulio Ascarelli ; dirigida por Alfredo Orgaz ; Tito Rava.  aPrimera edición  aBuenos Aires :bDepalma,c1946 axxii, 448 páginas ;c24 cm. aBiblioteca Jurídica aTraducción : Der Allgemeine Teil des Deutschen Bürgerlichen Rechts1 aContenido :tV.1 Teoría general del derecho civil Alemán 72lembaDerecho civil - Alemán1 aAscarelli, Tulio,eprólogo1 aOrgaz, Alfredo,edirigida1 aRava, Tito,etraducción